Allgemeinwissen-Quiz #26 - Statistiken

Allgemein
  • Dieses Quiz wurde 110 mal gespielt
  • Das Durchschnittsergebnis liegt bei 12 aus 20
Antwortstatistiken
Frage Antwort % Korrekt
Auf welchem dieser Bilder sehen wir eine Drehleier (Hurdy Gurdy)?
88%
Welcher dieser Knochen befindet sich im menschlichen Ohr? Amboss
88%
Welchem Genre gehört die Spielreihe "Need for Speed" an? Rennspiel
87%
Wie heisst der Bär in Winnie Puuh? Puuh
85%
Welches Haustier haben Phineas und Ferb in der Kindersendung – das heimlich ein Spion ist? Ein Schnabeltier
82%
Der 3DS war eine Spielkonsole welches Herstellers? Nintendo
82%
Eine Erdbeere ist botanisch gesehen eine Sammel-…? nussfrucht
76%
Welcher Film dauert länger? Oppenheimer
76%
Louis Braille gilt als Erfinder der ...? Blindenschrift
75%
In welchem Land war Nicolas Sarkozy Präsident?
63%
Welche Flagge zeigt die des Bundesstaates Nebraska?
57%
Welche dieser Farben kommt in der Nationalflagge von Somalia vor? Blau
53%
Welches dieser Gemälde stammt von James Whistler?
49%
Welcher dieser Begriffe befindet sich normalerweise nicht in einem konventionellen Golfbag? Cabbage
44%
Aus welchem Song von Queen stammt folgender Textausschnitt? "Steve walks warily down the street With the brim pulled way down low Ain't no sound but the sound of his feet Machine guns ready to go" Another Ones Bites the Dust
42%
Welche der folgenden Personen ist kein NBA-Spieler? Francisco Lindor
39%
Wo spielt To Kill a Mockingbird? Maycomb, Alabama
39%
Welche Pflanze gehört nicht zur Familie der Mohngewächse? Rittersporn
25%
Wie hoch ist das Matterhorn? 4’478 m
23%
Welcher Planet in unserem Sonnensystem hat den kürzesten Tag? Jupiter
18%
Keine übereinstimmenden Quizze gefunden
Verteilung der Resultate
Anzahl Personen mit jedem Resultat
Perzentil nach korrekt beantworteten Fragen
Ihre Resultats-Entwicklung
Sie haben dieses Quiz noch nicht gespielt